000 00514nam a2200169 4500
999 _c100263
_d100263
008 210507b ||||| |||| 00| 0 eng d
040 _aDE-2950
_bger
_cDE-2950
_erda
041 _ager
245 _aEtwas noch nie Dagewesenes:
_bEin Tomatenfest.
653 _aFrankfurt (Oder)
653 _aTomatenanbau
773 _dFrankfurt (Oder) : Trowitzsch
_tDer praktische Ratgeber im Obst- und Gartenbau
_g29.11.1903, Seite 444 f.
942 _cA